1241 1836 1917 1366 1479 1871 1468 1840 1538 1523 1249 1592 1407 1316 1170 1621 1053 1327 1057 1182 1140 1100 1868 1837 1933 1091 1378 1777 1706 1737 1637 1288 1815 1660 1309 1409 1895 1058 1448 1167 1255 1563 1942 1418 1432 1523 1513 1760 1427 1200 1260 1186 1117 1917 1139 1947 1343 1026 1849 1932 1600 1349 1266 1441 1528 1429 1249 1943 1859 1933 1945 1392 1388 1572 1864 1518 1958 1576 1977 1917 1658 1292 1960 1273 1094 1817 1084 1326 1626 1711 1401 1954 1095 1583 1546 1575 1845 1110 1101 BCNSPRNW ULIB Ver.6.0+V

เปลี่ยนเป็นภาษาไทย

Change to English
 แสดงรายละเอียดบรรณานุกรม
  กลับหน้าหลัก

Brief Record : Get Marc (ISO 2709) : E-mail record : QR code < ปิดหน้าต่าง
LEADER : 00000nam 2200000uu 4500
001    13399113057
003     ULIB
008    110922s2552||||th 000 0 tha d
020    9789740923411
050 04 PE1498^bน658ป 2552
100 0  นิรุธ อำนวยศิลป์
245 10 แปลอังกฤษได้เพียงข้ามคืน /^cนิรุธ อำนวยศิลป์
260    กรุงเทพฯ :^bดวงกมลสมัย,^c[2552]
300    156 หน้า :^bภาพประกอบ
650  7 ภาษาอังกฤษ^xการแปล
650  7 ภาษาอังกฤษ^xไวยากรณ์
650  7 ภาษาอังกฤษ^xการแปลภาษาด้วยเครื่อง
945    ^p179^l0^i027618
995    ทศพร
999 ^a ทศพร
รายการนี้ยังไม่มีแท็ก
คุณยังไม่ได้ล็อกอิน คุณสามารถมีกิจกรรมร่วมกับเว็บไซต์ได้ แต่ต้องล็อกอินก่อน ::
  ล็อกอิน

รายการสื่อสารสนเทศ

ลำดับที่ ประเภท เลขเรียก/บาร์โค้ด สถานที่ สถานะ
- ไม่พบข้อมูล -

รายการใกล้เคียง
    ผู้แต่ง [นิรุธ อำนวยศิลป์]

BibComment


ยังไม่เคยถูกคอมเมนท์

คอมเมนท์ทรัพยากรรายการนี้
  คอมเมนท์: แปลอังกฤษได้เพียง..


 Copyright 2026. Bcnsprnw @Library